000
00329nam a22001457a 4500
003
SGT
020
_a
81-86937-75-7
082
_a
610
_b
H17G
100
_a
GUPTA ,OM PRAKSH
245
_a
HAND BOOK OF AYURVEDIC MEDICINE
260
_a
VARANASI
_b
CHAUKHAMBHA PUB
_c
2017
300
_a
256
650
_a
AYURVEDA
942
_2
ddc
_c
BK
_0
12
999
_c
14431
_d
14431